Grabb and Smith's plastic surgery / (Record no. 612296)

000 -LEADER
fixed length control field 02618cam a2200409 i 4500
001 - CONTROL NUMBER
control field 20913556
005 - DATE AND TIME OF LATEST TRANSACTION
control field 20241112111116.0
008 - FIXED-LENGTH DATA ELEMENTS--GENERAL INFORMATION
fixed length control field 190401s2020 paua b 001 0 eng
010 ## - LIBRARY OF CONGRESS CONTROL NUMBER
LC control number 2019015649
020 ## - INTERNATIONAL STANDARD BOOK NUMBER
International Standard Book Number 9781496388247
Qualifying information (hardback)
035 ## - SYSTEM CONTROL NUMBER
System control number (DNLM)101744719
040 ## - CATALOGING SOURCE
Original cataloging agency DNLM/DLC
Transcribing agency DLC
Description conventions rda
Modifying agency NSHSPK
042 ## - AUTHENTICATION CODE
Authentication code pcc
050 00 - LIBRARY OF CONGRESS CALL NUMBER
Classification number RD118
Item number .G688 2020
060 10 - NATIONAL LIBRARY OF MEDICINE CALL NUMBER
Classification number WO 600
082 00 - DEWEY DECIMAL CLASSIFICATION NUMBER
Classification number 617.95
Author Mark GRA
245 00 - TITLE STATEMENT
Title Grabb and Smith's plastic surgery /
Statement of responsibility, etc. editor-in-chief, Kevin C. Chung, MD, MS, Chief of Hand Surgery, Michigan Medicine Director, University of Michigan Comprehensive Hand Center, Charles B.G. de Nancrede Professor of Surgery, Professor of Plastic Surgery and Orthopaedic Surgery, Assistant Dean for Faculty Affairs, Associate Director of Global REACH University of Michigan Medical School, Ann Arbor, Michigan.
246 1# - VARYING FORM OF TITLE
Title proper/short title Plastic surgery
246 1# - VARYING FORM OF TITLE
Title proper/short title Plastic and Reconstruction Surgery
250 ## - EDITION STATEMENT
Edition statement Eighth edition.
264 #1 - PRODUCTION, PUBLICATION, DISTRIBUTION, MANUFACTURE, AND COPYRIGHT NOTICE
Place of production, publication, distribution, manufacture Philadelphia :
Name of producer, publisher, distributor, manufacturer Wolters Kluwer,
Date of production, publication, distribution, manufacture, or copyright notice [2020]
300 ## - PHYSICAL DESCRIPTION
Extent xix, 1054 pages :
Other physical details illustrations (some color) ;
Dimensions 29 cm
336 ## - CONTENT TYPE
Content type term text
Source rdacontent
337 ## - MEDIA TYPE
Media type term unmediated
Source rdamedia
338 ## - CARRIER TYPE
Carrier type term volume
Source rdacarrier
500 ## - GENERAL NOTE
General note At the left upper corner of back cover page: "Plastic and Reconstruction Surgery"
504 ## - BIBLIOGRAPHY, ETC. NOTE
Bibliography, etc. note Includes bibliographical references and index.
520 ## - SUMMARY, ETC.
Summary, etc. Grabb and Smith’s Plastic Surgery, Eighth Edition is an authoritative reference on plastic and reconstructive surgery, covering core principles, techniques, and innovations across a wide range of specialties. This edition provides updated insights on aesthetic, reconstructive, and microsurgical procedures with an emphasis on clinical approaches for optimal outcomes. Topics include anatomy, wound healing, facial reconstruction, breast and hand surgery, craniofacial procedures, burns, and pediatric plastic surgery. With contributions from expert surgeons, it combines foundational knowledge with practical applications, making it an essential resource for both trainees and seasoned practitioners in plastic surgery.
650 12 - SUBJECT ADDED ENTRY--TOPICAL TERM
Topical term or geographic name entry element Reconstructive Surgical Procedures
9 (RLIN) 126887
650 22 - SUBJECT ADDED ENTRY--TOPICAL TERM
Topical term or geographic name entry element Cosmetic Techniques
9 (RLIN) 126888
650 22 - SUBJECT ADDED ENTRY--TOPICAL TERM
Topical term or geographic name entry element Surgery, Plastic
9 (RLIN) 126889
700 1# - ADDED ENTRY--PERSONAL NAME
Personal name Chung, Kevin C.,
Relator term editor.
9 (RLIN) 126890
906 ## - LOCAL DATA ELEMENT F, LDF (RLIN)
a 7
b cbc
c orignew
d 1
e ecip
f 20
g y-gencatlg
942 ## - ADDED ENTRY ELEMENTS (KOHA)
Source of classification or shelving scheme
Koha item type Book
Holdings
Withdrawn status Lost status Source of classification or shelving scheme Damaged status Not for loan Permanent Location Current Location Shelving location Date acquired Source of acquisition Cost, normal purchase price Total Checkouts Full call number Barcode Date last seen Cost, replacement price Price effective from Koha item type
        Not For Loan NUST School of Health Sciences (NSHS) NUST School of Health Sciences (NSHS) Reference 10/08/2024 Allied Book Company 58926.16   R 617.95 GRA NSHS-1960 11/12/2024 117852.32 10/08/2024 Book
© 2023 Central Library, National University of Sciences and Technology. All Rights Reserved.